| 000 | 00577nam a2200181 a 4500 | ||
|---|---|---|---|
| 001 | 5128 | ||
| 003 | CDMR | ||
| 005 | 20131118164814.0 | ||
| 008 | 130130s1925||||||||||||||||||||||||||||d | ||
| 040 |
_aCDMR _bcat _cCDMR |
||
| 245 | 4 | _aLes conditions de vie et de travail des journalistes | |
| 260 |
_a[Ginebra] _c[1926] _bBureau International du Travail |
||
| 650 | 0 | 4 |
_93782 _aPeriodistes _xPràctica professional |
| 650 | 0 | 4 |
_93792 _aMercat de treball |
| 650 | 0 | 4 |
_92767 _aPeriodistes _xSituació legal, lleis, etc |
| 710 | 2 |
_94360 _aBureau international du travail |
|
| 942 |
_cMON _2udc |
||
| 999 |
_c5128 _d5128 |
||